000 00633nam a2200193 a 4500
001 2135
005 20140414131848.0
008 001211s19uu xx 00 eng d
020 _a0-7097-0576-X
050 _aM 398.2
_bSp9 1989
100 _aSpurgeon, Maureen
245 _aClassic fairy tales /
_ctext by Maureen Spurgeon ; illustrated by Pamela Storey.
260 _aEngland :
_bBrown Watson,
_c1989.
300 _a1 v. (unp.) : ill. ; cm.
500 _aContents: Red Riding Hood -- Cinderella -- Sleeping Beauty -- Snow White and the 7 Dwarfs
650 _aFairy tales.
650 _aChildren's stories.
999 _c110031
_d110031